000 01350nam a2200349 c 4500
003 BLK
005 20250715090815.0
008 180412b bul|||||r ||||||| ||bul||
010 _aKNG00005112000
020 _a954-8181-51-7
_bиздат.: Компас
040 _aBLK
041 _aBUL
_cBUL
080 _aАмериканска литература (на САЩ)
_b821.111(73)
_x-31
_z821.111(73)-31
100 1 _aСтийл, Даниел
_eпърви автор
_9241677
700 1 _aЯнкова, Антоанета
_eпрев. от англ.
_9248122
139 _aСтийл, Даниел
_bС 76
245 1 0 _aСемеен албум
_bРоман
_cДаниел Стийл; прев. от англ. Антоанета Янкова.
257 _aUSA
260 Варна
_bКомпас
_c1994
_fВ. Търново : Абагар
300 _a415 с.
_c20 см
380 _aX
490 1 _aРоманите на розата
500 _aОриг. загл. Family Album / Danielle Steel. - 25 000 тир.
653 _aромантична проза
653 _aромани
852 _aЦб 177883
856 4 _qpdf
_u
856 4 _qpdf
_u
942 _cKNG
_n0
_037
944 _aCR
_c24.06.2003
_lМартин Енчев
_k30575
944 _aED
_c04.02.2016
_lф /
_kЛюдмила_Стоянова
999 _c3990
_d3990